000 00432nam a2200169Ia 4500
008 221030s9999 xx 000 0 und d
020 _a8129700042
041 _aEnglish
082 _a105.23
_bLia
100 _aS. Y. Liao
245 0 _aMicrowave Devices & Circuits ( DEPARTMENTAL )
_cby S. Y. Liao
250 _a3rd
260 _bPearson Education
_aNew Delhi
_c2003
300 _a542
650 _aECE Departmental
942 _cBK
999 _c4217
_d4217